[Event "Troisdorf op"]
[Site "Troisdorf"]
[Date "2002.12.10"]
[Round "7"]
[White "Khan, Shamshad"]
[Black "Hoehne, Klaus"]
[Result "0-1"]
[WhiteElo "1367"]
[BlackElo "1666"]
[PlyCount "168"]
[EventDate "2002.10.??"]
[EventType "swiss"]
[EventRounds "7"]
[EventCountry "GER"]
[SourceTitle "EXT 2005"]
[Source "ChessBase"]
[SourceDate "2004.11.15"]
[SourceVersion "1"]
[SourceVersionDate "2004.11.15"]
[SourceQuality "1"]

1. c4 e5 2. a3 d6 3. d4 exd4 4. Qxd4 Nc6 5. Qd1 Be7 6. Nf3 Nf6 7. Nc3 0-0 8. e3 a6 9. Bd3 h6 10. b4 Ng4 11. 0-0 Nge5 12. Nxe5 Nxe5 13. Nd5 Nxd3 14. Qxd3 Bf6 15. Nxf6+ Qxf6 16. Bd2 Bd7 17. Bc3 Qg5 18. f4 Qf5 19. e4 Qh5 20. Rf3 f6 21. Qd5+ Qxd5 22. cxd5 Rae8 23. Re1 Re7 24. h3 Rfe8 25. Rfe3 c6 26. dxc6 Bxc6 27. e5 dxe5 28. fxe5 fxe5 29. Bxe5 Rd7 30. Rg3 Bb5 31. Ree3 Rd1+ 32. Kh2 Rd7 33. Bf4 Rxe3 34. Bxe3 Kh7 35. Bc5 Bc6 36. h4 h5 37. Rg5 g6 38. Kg3 Rd3+ 39. Kf4 Rxa3 40. Ke5 Rd3 41. Kf6 Be4 42. Re5 Bf5 43. Re7+ Kg8 44. Rxb7 Rg3 45. Be3 Rxe3 46. Rb8+ Kh7 47. Rb7+ Kh6 48. Rb8 Re6+ 49. Kf7 Kh7 50. Rg8 Rb6 51. Ra8 Be4 52. Ra7 Rb7+ 53. Rxb7 Bxb7 54. g3 Be4 55. Kf8 Bd5 56. Ke7 Kg7 57. Kd6 Be4 58. Ke7 Bd3 59. Ke6 Bc4+ 60. Ke7 Bb3 61. Ke8 Kf6 62. Kf8 Kf5 63. Kg7 Bc2 64. Kh6 Kg4 65. Kg7 Kxg3 66. Kf6 Kxh4 67. Ke5 Bd3 68. Kf4 Bb5 69. Kf3 g5 70. Kg2 Kg4 71. Kh2 h4 72. Kg2 Bc6+ 73. Kh2 h3 74. Kg1 Kg3 75. Kf1 h2 76. Ke2 h1Q 77. Kd3 Qe4+ 78. Kc3 Kf3 79. Kb3 Qd4 80. Ka3 Qc3+ 81. Ka2 Qxb4 82. Ka1 Ke3 83. Ka2 Kd3 84. Ka1 Kc2 0-1